| 000 | 00787nam a2200229Ia 4500 | ||
|---|---|---|---|
| 999 |
_c49670 _d49670 |
||
| 001 | 16603 | ||
| 003 | GE_BSU | ||
| 005 | 20200131141053.0 | ||
| 008 | 181216s||||||||xx |||||||||||||| ||und|| | ||
| 020 | _a9781887943741 | ||
| 040 | _cGE_BSU | ||
| 080 | _a371 M-41 | ||
| 100 |
_aMaurer, Marvin. _96630 |
||
| 245 |
_aEmotional Literacy in the Middle School : _bA 6-Step Program to Promote Social,Emotional,& Academic,Learning / _cMarvin Maurer ; Bracket Marc A ; Plain Francesca. |
||
| 264 |
_aAmerica : _bNational Professional Resources, Inc _c2004. |
||
| 300 |
_a229 p .: _c27 cm |
||
| 653 | _aEmotional Literacy in the Middle School | ||
| 653 | _aპედაგოგიკა | ||
| 700 |
_a Bracket, Marc A. _96631 |
||
| 700 |
_aPlain, Francesca _96632 |
||
| 942 |
_cBK _2udc |
||